| 000 | 00812cab a2200229 4500 | ||
|---|---|---|---|
| 001 | WB3046-09 | ||
| 008 | 090401t1994 xxu||||| |||| 00| 0 eng d | ||
| 035 | _a(Sirsi) u23397 | ||
| 041 | _aeng | ||
| 245 | _aWarranty: time bar | ||
| 260 | _c1994 | ||
| 350 | _a0 | ||
| 490 |
_aEstates Gazette Case Summaries _v1994 EGCS 193 (3/12/94) |
||
| 520 | _a"Vincent and others v Bromley LBC" CA 24 November 1994. Defendant`s appeal to strike out amendments made in 1993 to a writ issued in 1988 for failure to comply with terms of a warranty refused. Held that Orders of Official Referees` should stand. | ||
| 650 | _aBUILDING DEFECTS | ||
| 650 | _aORDERS OF OFFICIAL REFEREES | ||
| 650 | _aWARRANTIES | ||
| 650 | _aWRITS | ||
| 690 | _aBUILDING AND CONSTRUCTION-CASE LAW | ||
| 942 | _n0 | ||
| 948 | _c04/03/1997 | ||
| 999 |
_c15639 _d15639 |
||